[Event "Udaipur Holi Cup 6th"]
[Site "Udaipur"]
[Date "2024.04.01"]
[Round "3"]
[White "Shah, Jeet"]
[Black "Suthar, Pradip"]
[Result "1-0"]
[WhiteElo "1966"]
[BlackElo "1747"]
[PlyCount "115"]
[EventDate "2024.03.31"]
[EventType "swiss"]
[EventRounds "9"]
[EventCountry "IND"]
[SourceTitle "CBM 219 Extra"]
[Source "ChessBase"]
[SourceDate "2024.05.31"]
[SourceVersion "1"]
[SourceVersionDate "2024.05.31"]
[SourceQuality "1"]

1. e4 e5 2. Nf3 Nc6 3. Bc4 Bc5 4. c3 Nf6 5. d3 a6 6. Bb3 Ba7 7. Nbd2 d6 8. h3 Be6 9. Nf1 h6 10. Ng3 0-0 11. 0-0 Re8 12. Bxe6 fxe6 13. b4 Qd7 14. a4 Qf7 15. Be3 Ne7 16. Bxa7 Rxa7 17. d4 exd4 18. Qxd4 Raa8 19. b5 e5 20. Qd3 axb5 21. axb5 Nd7 22. Qe3 Qb3 23. Rab1 Qe6 24. Nh4 b6 25. Nhf5 Nxf5 26. Nxf5 Nc5 27. Ra1 Kh7 28. Qf3 Rf8 29. Rxa8 Rxa8 30. Ne3 Qg6 31. Nd5 Ne6 32. Qf5 Ra7 33. f4 Qxf5 34. exf5 Nxf4 35. Nxf4 exf4 36. Rxf4 Ra5 37. Rb4 Kg8 38. Kf2 c5 39. bxc6 Rxf5+ 40. Ke3 Rc5 41. Kd4 b5 42. c4 Rxc6 43. cxb5 Rb6 44. Kc4 Kf7 45. Ra4 Rb7 46. Ra6 Ke6 47. b6 Ke5 48. Kb5 d5 49. Kc6 Rb8 50. Kc7 Rf8 51. b7 d4 52. b8Q Rxb8 53. Kxb8 d3 54. Kc7 Kf4 55. Rd6 Ke3 56. Kd7 Kf2 57. Rxd3 Kxg2 58. Ke6 1-0

[Event "Commonwealth-ch"]
[Site "New Delhi"]
[Date "2019.06.30"]
[Round "1"]
[White "Mahalakshmi, Muganda Kumar"]
[Black "Suthar, Pradip"]
[Result "1-0"]
[WhiteElo "2245"]
[BlackElo "1631"]
[PlyCount "85"]
[EventDate "2019.06.30"]
[EventType "swiss"]
[EventRounds "9"]
[EventCountry "IND"]
[SourceTitle "CBM 191 Extra"]
[Source "ChessBase"]
[SourceDate "2019.09.30"]
[SourceVersion "1"]
[SourceVersionDate "2019.09.30"]
[SourceQuality "1"]

1. d4 Nf6 2. c4 c5 3. d5 e6 4. Nc3 exd5 5. cxd5 d6 6. Nf3 g6 7. Nd2 Bg7 8. e4 0-0 9. Be2 Re8 10. 0-0 Na6 11. h3 Nc7 12. Re1 Rb8 13. a4 b6 14. Qc2 Nd7 15. Nb5 Nxb5 16. axb5 Ra8 17. Ra3 Bb7 18. Nc4 Ne5 19. Bd2 f5 20. exf5 Bxd5 21. Nxe5 Rxe5 22. fxg6 hxg6 23. Qxg6 Qe8 24. Rg3 Qxg6 25. Rxg6 Rae8 26. Bc3 Rxe2 27. Rxg7+ Kf8 28. Rd1 Bf7 29. Rxd6 Re1+ 30. Kh2 R1e6 31. Rd3 Rg6 32. Rh7 Re2 33. Rf3 Re7 34. Rh8+ Rg8 35. Rh6 Ke8 36. Bf6 Rd7 37. Bh4 Bg6 38. Bg3 Ke7 39. Re3+ Kf7 40. Rh4 Re8 41. Be5 Rg8 42. Rf4+ Ke6 43. Bc7+ 1-0

[Event "Maharashtra State-ch U25"]
[Site "Nasik"]
[Date "2018.08.12"]
[Round "7"]
[White "Deodhar, Vrushali Umesh"]
[Black "Suthar, Pradip"]
[Result "0-1"]
[WhiteElo "1775"]
[BlackElo "1508"]
[PlyCount "64"]
[EventDate "2018.08.09"]
[EventType "swiss"]
[EventRounds "9"]
[EventCountry "IND"]
[SourceTitle "CBM 186 Extra"]
[Source "ChessBase"]
[SourceDate "2018.08.24"]
[SourceVersion "1"]
[SourceVersionDate "2018.08.24"]
[SourceQuality "1"]

1. c4 Nf6 2. Nc3 e6 3. d4 d5 4. cxd5 exd5 5. Bg5 Be7 6. e3 0-0 7. Bd3 c6 8. h3 Ne4 9. Bf4 f5 10. Nge2 Nd7 11. 0-0 Qe8 12. f3 Nd6 13. Kh1 Nf6 14. Qe1 Bd7 15. Rc1 Nf7 16. Bh2 Bd6 17. Bxd6 Nxd6 18. Ng3 Qe7 19. Qd2 Rae8 20. Rfe1 Qf7 21. b3 Re7 22. Bb1 Rfe8 23. Nf1 Qh5 24. Qf2 g5 25. Kg1 Qh6 26. Ng3 Qg7 27. Nf1 Nh5 28. Nd2 g4 29. hxg4 fxg4 30. e4 g3 31. Qe3 Nf5 32. Qd3 Nf4 0-1